Los humedales del altiplano del oriente antioqueño y su conceptualización (Registro nro. 20386)

Detalles MARC
000 -CABECERA
Campo de control 00896nam a22002537a 4500
005 - FECHA Y HORA DE LA ULTIMA TRANSACCION
Campo de control 20190129163659.0
008 - ELEMENTOS DE LONGITUD FIJA—INFORMACION GENERAL
Campo de control 190129b xxu||||| |||| 00| 0 spa d
020 ## - ISBN
ISBN 9789585518032
040 ## - FUENTE DE CATALOGACIÓN
Agencia catalogadora original CO-BoIAVH
Agencia transcriptora CO-BoIAVH
041 ## - IDIOMA
Código de idioma para texto/pista de sonido o título separado Español
044 ## - PAÍS DE PUBLICACIÓN
País de publicación Colombia
082 ## - NUMERO DE CLASIFICACION DECIMAL DEWEY
Número de clasificación 551.417
Número del ítem Q66l
100 ## - ASIENTO PRINCIPAL--NOMBRE PERSONAL
9 (RLIN) 81949
Nombre personal Quijano Abril, Mario Alberto
Término relacionado editor
245 10 - MENCION DE TITULO
Título Los humedales del altiplano del oriente antioqueño y su conceptualización
260 ## - PUBLICACION, DISTRIBUCION, ETC. (PIE DE IMPRENTA)
Lugar de publicación, distribución, etc. Rionegro:
Nombre del editor, distribuidor, etc. Universidad Católica del Oriente,
Fecha de publicación, distribución, etc. 2018.
300 ## - DESCRIPCION FISICA
Extensión 211 páginas
Otros detalles físicos fotografías a color, tablas, gráficas
Dimensiones 24 x 17cm
650 #0 - ASIENTO SECUNDARIO DE MATERIA - TERMINO TEMATICO
9 (RLIN) 64175
Término temático o nombre geográfico como elemento de entrada Biología de agua dulce
Subdivisión geográfica Colombia
650 #0 - ASIENTO SECUNDARIO DE MATERIA - TERMINO TEMATICO
9 (RLIN) 57277
Término temático o nombre geográfico como elemento de entrada Ecología de agua dulce
Subdivisión geográfica Colombia.
650 #0 - ASIENTO SECUNDARIO DE MATERIA - TERMINO TEMATICO
9 (RLIN) 43885
Término temático o nombre geográfico como elemento de entrada Hidrogeología
Subdivisión general Investigaciones
650 #0 - ASIENTO SECUNDARIO DE MATERIA - TERMINO TEMATICO
9 (RLIN) 2017
Término temático o nombre geográfico como elemento de entrada Conservación de humedales
650 #0 - ASIENTO SECUNDARIO DE MATERIA - TERMINO TEMATICO
9 (RLIN) 9050
Término temático o nombre geográfico como elemento de entrada Limnología
650 #0 - ASIENTO SECUNDARIO DE MATERIA - TERMINO TEMATICO
9 (RLIN) 6791
Término temático o nombre geográfico como elemento de entrada Microbiología
942 ## - ELEMENTOS ADICIONALES (KOHA)
Sistema de clasificación Dewey Decimal Classification
Tipo de ítem Libro
Existencias
Withdrawn status Lost status Sistema de Clasificación Damaged status No para préstamo Colección Ubicación Permanente Ubicación actual Fecha de adquisición Total Checkouts Número topográfico Inventario / Código de Barras Date last seen Ejemplar Price effective from Forma de adquisición Tipo de material
    Dewey Decimal Classification     General Bogotá Bogotá 29/01/2019   LB-551.417 Q66l 043505 29/01/2019 Ej. 1 29/01/2019 Canje Libro